000 01018nam a2200301 a 4500
001 25783
003 CO-ViMGA
008 141112s2004 ck r 000 u spa d
020 _a9789588654775
040 _aCO-ViMGA
_bspa
_cCO-ViMGA
041 _aSPA
090 _aN JAM1
100 1 _aJames, Henry, 1843 - 1916
_9537
245 1 0 _aOtra vuelta de tuerca /
_cHenry James ; ilustraciones Miguel Navia ; traducción José Luis López Muñoz
250 _a1a ed.
260 _aBogotá :
_bBruño,
_c2013
300 _a200, 35 (en paginación variada) : il. byn.
490 _aClásicos juveniles
500 _aTítulo original : The turn of the screw. Incluye actividades al final del libro.
650 1 4 _aAUTORES INGLESES
_939886
650 1 4 _aFANTASMAS - NOVELA
_916131
650 1 4 _aHUERFANOS - NOVELA
_939887
650 1 4 _aNOVELA DE MISTERIO
_939888
650 1 4 _aNOVELA INGLESA - SIGLO XIX
_932146
700 1 _aLópez Muñoz, José Luis
_939889
700 1 _aNavia, Miguel
_939890
942 _2ddc
_cBK
999 _c5349
_d5349